ARRUPE JESUIT UNIVERSITY

CORONAVIRUS -STOP THE SPREAD - CLEAN,DISINFECT,COVER

Mother Teresa's (Record no. 122099)

MARC details
000 -LEADER
fixed length control field 00474nam a22001577a 4500
008 - FIXED-LENGTH DATA ELEMENTS--GENERAL INFORMATION
fixed length control field 150218b xxu||||| |||| 00| 0 eng d
020 ## - INTERNATIONAL STANDARD BOOK NUMBER
International Standard Book Number 9781931709767
050 ## - LIBRARY OF CONGRESS CALL NUMBER
Classification number BX4700.C754
100 ## - MAIN ENTRY--PERSONAL NAME
Personal name Conroy, Susan
9 (RLIN) 15295
245 ## - TITLE STATEMENT
Title Mother Teresa's
Remainder of title lessons of love and secrets of sanctivity
Statement of responsibility, etc Susan Conroy
260 ## - PUBLICATION, DISTRIBUTION, ETC. (IMPRINT)
Place of publication, distribution, etc Indiana
Name of publisher, distributor, etc Our Sunday visitor
Date of publication, distribution, etc 2003
300 ## - PHYSICAL DESCRIPTION
Extent 239p. ;
Dimensions 21cm.
650 ## - SUBJECT ADDED ENTRY--TOPICAL TERM
Topical term or geographic name as entry element Teresa, Mother
9 (RLIN) 15296
658 ## - INDEX TERM--CURRICULUM OBJECTIVE
Main curriculum objective Conroy, Susan
942 ## - ADDED ENTRY ELEMENTS (KOHA)
Source of classification or shelving scheme Library of Congress Classification
Item type Monograph ( Printed materials)

No items available.

 

Arrupe Library. PO Box MP320 Mt Pleasant, Harare, Zimbabwe
263 242 745411|librarian@aju.ac.zw